| 000 | 00681nam a22002057a 4500 | ||
|---|---|---|---|
| 999 |
_c15773 _d15773 |
||
| 003 | AR-CdUCM | ||
| 008 | 190430b ||||| |||| 00| 0 spa d | ||
| 040 |
_aMUNICIPALIDAD PROVINCIAL DEL CUSCO _cBIBLIOTECA MUNICIPAL DEL CUSCO |
||
| 082 |
_a950.1 / _bH67 |
||
| 100 |
_aHogarth,D. G. _934975 |
||
| 245 | _aEl antiguo oriente / | ||
| 260 |
_aMexico : _bFondo de cultura económica, _c1951. |
||
| 300 |
_a154 páginas ; _c17 cm. |
||
| 440 |
_aBrevarios. _n49 _934976 |
||
| 505 | _aContenido :El oriente en el año 1000 ac. -- La victoria de occidente ... | ||
| 650 |
_aMedio oriente _91780 |
||
| 650 |
_aHistoria universal _91423 |
||
| 942 |
_2ddc _cLIBROS |
||
| 945 |
_arum _d2019-04-30 |
||